000
00456nam a2200181Ia 4500
008
151018s9999 xx 000 0 und d
082
_b
RBASDV33146
_a
891.463
100
_a
व पु काळे
245
_a
चिअस
250
_b
4
260
_b
चीरानी
_c
1997
300
_a
150
600
_a
व पु काळे
630
_a
चिअस
700
_a
व पु काळे
730
_a
चिअस
942
_c
BOOK
999
_c
1032666
_d
1032663